Ammi letter to a democractic mother / (Record no. 209706)

MARC details
000 -LEADER
fixed length control field 00440nam a22001697a 4500
005 - DATE AND TIME OF LATEST TRANSACTION
control field 20250306165610.0
010 ## - LCCN (DPL NO)
LC control number ENG-143984
020 ## - INTERNATIONAL STANDARD BOOK NUMBER
International Standard Book Number 9788189975364
Terms of availability 455.00
035 ## - SYSTEM CONTROL NUMBER
System control number EN-127516
037 ## - SOURCE OF ACQUISITION
Source of stock number/acquisition DBAD
082 ## - DEWEY DECIMAL CLASSIFICATION NUMBER
Classification number N
100 ## - MAIN ENTRY--PERSONAL NAME
Personal name Mirza , Saeed
245 ## - TITLE STATEMENT
Title Ammi letter to a democractic mother /
Statement of responsibility, etc by Saeed Mirza
260 ## - PUBLICATION, DISTRIBUTION, ETC. (IMPRINT)
Name of publisher, distributor, etc Tranquebar
Date of publication, distribution, etc 2013
Place of publication, distribution, etc New Delhi
300 ## - PHYSICAL DESCRIPTION
Extent 385p.
Dimensions 20cm(pbk)
942 ## - ADDED ENTRY ELEMENTS (KOHA)
Source of classification or shelving scheme Dewey Decimal Classification
Item type English Books
Classification part N
Call number suffix MIR
Holdings
Withdrawn status Lost status Not for loan Collection code Home library Current library Date acquired Source of acquisition Cost, normal purchase price Full call number Barcode Copy number Cost, replacement price Koha item type
    Not For Loan Fiction D.B.Act.Division D.B.Act.Division 06/03/2025 Delivery of Books Act Division 445.00 N MIR EN-127516 1 445.00 English Books

© Delhi Public Library
Hit Counter
free hit counter